[Event "32nd Pula Open 2018"]
[Site "Pula CRO"]
[Date "2018.06.23"]
[Round "1.1"]
[White "Schmuck, Corentin"]
[Black "Saric, Ante"]
[Result "0-1"]
[BlackTitle "GM"]
[WhiteElo "1925"]
[BlackElo "2543"]
[WhiteFideId "20669569"]
[BlackFideId "14506254"]
[EventDate "2018.06.23"]

1. e4 c5 2. Nc3 d6 3. g3 Nc6 4. Bg2 g6 5. f4 Bg7 6. Nf3 e6 7. O-O Nge7 8. d3 O-O
9. Be3 b6 10. Bf2 Bb7 11. g4 Qd7 12. Qd2 f5 13. exf5 gxf5 14. g5 e5 15. Bg3 exf4
16. Bxf4 Ng6 17. h4 Nd4 18. h5 Nxf4 19. Qxf4 Nxc2 20. Rac1 Nd4 21. h6 Nxf3+ 22.
Bxf3 Be5 23. Qh4 Rae8 24. Rc2 Bd4+ 25. Kh2 Re3 26. Bd5+ Kh8 27. Bxb7 Qxb7 28.
Rg2 Qf7 29. Ne2 Be5+ 30. Nf4 Rxd3 31. Kg1 Rd4 0-1

[Event "32nd Pula Open 2018"]
[Site "Pula CRO"]
[Date "2018.06.23"]
[Round "1.2"]
[White "Zelcic, Robert"]
[Black "Weber, Harald"]
[Result "1-0"]
[WhiteTitle "GM"]
[WhiteElo "2499"]
[BlackElo "1919"]
[WhiteFideId "14500310"]
[BlackFideId "1618210"]
[EventDate "2018.06.23"]

1. d4 d5 2. Nc3 Nf6 3. Bg5 c6 4. Qd3 h6 5. Bf4 b6 6. O-O-O e6 7. Kb1 a5 8. e4
Ba6 9. Qf3 Bxf1 10. Rxf1 a4 11. Nge2 b5 12. exd5 Nxd5 13. Nxd5 cxd5 14. Nc3 b4
15. Nb5 Na6 16. Qg3 Qb6 17. Nd6+ Bxd6 18. Bxd6 Kd7 19. Bc5 Nxc5 20. dxc5 Qxc5
21. Qxg7 Ke7 22. Re1 Rag8 23. Qe5 Rc8 24. Re2 Rhg8 25. f4 Qd6 26. Qe3 Qc5 27.
Qh3 Qc4 28. Rhe1 Kd7 29. f5 Rge8 30. Qh5 Rf8 31. Qxh6 e5 32. Rxe5 Rce8 33. Qd2
Rxe5 34. Rxe5 Kd6 35. b3 axb3 36. axb3 Qc3 37. Qxd5+ 1-0

[Event "32nd Pula Open 2018"]
[Site "Pula CRO"]
[Date "2018.06.23"]
[Round "1.3"]
[White "Marceta, Milan"]
[Black "Fernandez, Daniel Howard"]
[Result "0-1"]
[BlackTitle "GM"]
[WhiteElo "1916"]
[BlackElo "2485"]
[WhiteFideId "14509628"]
[BlackFideId "5801605"]
[EventDate "2018.06.23"]

1. e4 c5 2. Nf3 d6 3. d4 Nf6 4. Nc3 cxd4 5. Nxd4 Nc6 6. Be2 g6 7. Be3 Bg7 8. h3
O-O 9. Qd2 d5 10. Nxc6 bxc6 11. O-O-O Qc7 12. exd5 cxd5 13. Bh6 Bxh6 14. Qxh6
Rb8 15. Nxd5 Nxd5 16. Rxd5 Be6 17. Rh5 gxh5 18. Bd3 f5 19. Qxe6+ Kh8 20. Qe3 Qb6
21. Qe5+ Qf6 22. Re1 e6 23. Bc4 Rb6 24. Bb3 h4 25. Qc7 Qg5+ 26. Kb1 Qxg2 27. Qc5
Qg7 28. f4 Rfb8 29. Rg1 Rd8 30. c3 Rb5 31. Qf2 Rd2 32. Qe1 Rg2 33. Rf1 Qd7 34.
Rf3 Qd2 35. Qxd2 Rxd2 36. Re3 e5 37. fxe5 f4 38. Re4 f3 39. e6 f2 0-1

[Event "32nd Pula Open 2018"]
[Site "Pula CRO"]
[Date "2018.06.23"]
[Round "1.4"]
[White "Plenca, Jadranko"]
[Black "Mrdjen, David"]
[Result "1-0"]
[WhiteTitle "IM"]
[WhiteElo "2482"]
[BlackElo "1909"]
[WhiteFideId "14527146"]
[BlackFideId "14503956"]
[EventDate "2018.06.23"]

1. e4 c5 2. Ne2 b6 3. d4 cxd4 4. Nxd4 Bb7 5. Nc3 e6 6. Bd3 Nc6 7. Nxc6 Bxc6 8.
O-O h5 9. Bf4 g5 10. Be5 f6 11. Bd4 Bd6 12. Re1 Qc7 13. g3 h4 14. Kg2 hxg3 15.
hxg3 Be7 16. Ba6 e5 17. Be3 Rd8 18. Rh1 Rxh1 19. Qxh1 Kf8 20. Qh3 d5 21. Nxd5
Bxd5 22. exd5 Rxd5 23. Bd3 Rd7 24. Bf5 Rd6 25. Be4 Rd7 26. Qf5 Nh6 27. Qg6 Ng8
28. Rh1 Bd8 29. Qf5 Rg7 30. Rh8 Qd7 31. Qf3 g4 32. Qf5 Qxf5 33. Bxf5 Kf7 34. Bd3 1-0

[Event "32nd Pula Open 2018"]
[Site "Pula CRO"]
[Date "2018.06.23"]
[Round "1.5"]
[White "Orel Music, Simona"]
[Black "Gumularz, Szymon"]
[Result "0-1"]
[WhiteTitle "WFM"]
[BlackTitle "IM"]
[WhiteElo "1902"]
[BlackElo "2452"]
[WhiteFideId "14601192"]
[BlackFideId "1188062"]
[EventDate "2018.06.23"]

1. d4 g6 2. c4 Bg7 3. Nc3 d6 4. e4 Nc6 5. Be3 e5 6. d5 Nce7 7. f3 f5 8. Bd3 Nf6
9. Nge2 O-O 10. b4 fxe4 11. Nxe4 Nf5 12. Bd2 Nxe4 13. Bxe4 Qh4+ 14. g3 Qh3 15.
Kf2 Nd4 16. Nxd4 exd4 17. Qf1 Qh5 18. Qd3 Bg4 19. Ke2 Rae8 20. Raf1 Qf5 21. fxg4
Rxe4+ 22. Kd1 Re1+ 23. Kc2 Qxd3+ 24. Kxd3 Rexf1 25. Rxf1 Rxf1 0-1

[Event "32nd Pula Open 2018"]
[Site "Pula CRO"]
[Date "2018.06.23"]
[Round "1.6"]
[White "Tratar, Marko"]
[Black "Jelen, Miha"]
[Result "1-0"]
[WhiteTitle "GM"]
[WhiteElo "2449"]
[BlackElo "1898"]
[WhiteFideId "14600684"]
[BlackFideId "14611791"]
[EventDate "2018.06.23"]

1. Nf3 Nf6 2. g3 d5 3. Bg2 c5 4. O-O e6 5. c4 Be7 6. d4 Nc6 7. dxc5 Bxc5 8. a3
a5 9. cxd5 exd5 10. Bg5 Be6 11. Nc3 d4 12. Bxf6 Qxf6 13. Ne4 Qe7 14. Nxc5 Qxc5
15. b4 Qb6 16. Rb1 axb4 17. Nxd4 Nxd4 18. Rxb4 Nxe2+ 19. Qxe2 Qa6 20. Qb2 Qxa3
21. Qxg7 Qxb4 22. Qxh8+ Qf8 23. Qxh7 Rb8 24. Rb1 Qd6 25. Qh8+ Kd7 26. Qxb8 Qxb8
27. Rxb7+ 1-0

[Event "32nd Pula Open 2018"]
[Site "Pula CRO"]
[Date "2018.06.23"]
[Round "1.7"]
[White "Kainz, Josef"]
[Black "Haria, Ravi"]
[Result "0-1"]
[BlackTitle "IM"]
[WhiteElo "1897"]
[BlackElo "2440"]
[WhiteFideId "1613030"]
[BlackFideId "415820"]
[EventDate "2018.06.23"]

1. d4 e6 2. c4 Bb4+ 3. Bd2 a5 4. g3 Nc6 5. Nf3 d6 6. Nc3 Nf6 7. Qc2 e5 8. d5 Nb8
9. Bg2 Nbd7 10. O-O O-O 11. a3 Bxc3 12. Bxc3 a4 13. Nd2 Nc5 14. f4 Ng4 15. Rf3
e4 16. Nxe4 Bf5 17. Nf6+ Qxf6 18. e4 Bxe4 19. Qxe4 Nxe4 20. Bxf6 Ngxf6 21. Re3
Rfe8 22. Rae1 Nd2 0-1

[Event "32nd Pula Open 2018"]
[Site "Pula CRO"]
[Date "2018.06.23"]
[Round "1.8"]
[White "Fercec, Nenad"]
[Black "Ayzenberg, Alena"]
[Result "1/2-1/2"]
[WhiteTitle "GM"]
[WhiteElo "2436"]
[BlackElo "1887"]
[WhiteFideId "14500299"]
[BlackFideId "1518798"]
[EventDate "2018.06.23"]

1. e4 e6 2. d4 d5 3. Nd2 c5 4. exd5 Qxd5 5. Ngf3 cxd4 6. Bc4 Qd6 7. Ne4 Qb4+ 8.
Nfd2 Nf6 9. Nxf6+ gxf6 10. O-O Nc6 11. c3 dxc3 12. bxc3 Qd6 13. Re1 Ne5 14. Qh5
Nxc4 15. Nxc4 Qc5 16. Qh4 Be7 17. Be3 Qc6 18. g3 b5 19. Nd2 Bb7 20. f3 f5 21.
Qh5 Rd8 22. Bd4 Rxd4 23. cxd4 Qc3 24. Rad1 Qxd4+ 25. Kg2 O-O 26. Ne4 Qb2+ 27.
Rd2 Qb4 28. a3 Qa5 29. Rd7 fxe4 30. Rxe7 exf3+ 31. Kh3 Qxe1 32. Qg5+ Kh8 33.
Qf6+ 1/2-1/2

[Event "32nd Pula Open 2018"]
[Site "Pula CRO"]
[Date "2018.06.23"]
[Round "1.9"]
[White "Kundianok, Vladislav"]
[Black "Loncar, Robert"]
[Result "0-1"]
[BlackTitle "IM"]
[WhiteElo "1885"]
[BlackElo "2423"]
[WhiteFideId "44157819"]
[BlackFideId "14501325"]
[EventDate "2018.06.23"]

1. e4 c5 2. Nf3 e6 3. d4 cxd4 4. Nxd4 a6 5. Bd3 g6 6. O-O Bg7 7. Nb3 Ne7 8. Nc3
O-O 9. a4 Nbc6 10. a5 d5 11. f3 Qc7 12. Bd2 dxe4 13. fxe4 Ne5 14. Na4 Bd7 15.
Nb6 Rad8 16. Bf4 Bb5 17. Qe2 Bxd3 18. cxd3 N7c6 19. Nc4 Qe7 20. Nxe5 Nxe5 21.
Rfd1 Qb4 22. Ra3 Rd7 23. Be3 Rc8 24. Bb6 Bf8 25. Nc1 Bc5+ 26. Bxc5 Qxc5+ 27. Kf1
Rcd8 28. g3 h5 29. Kg2 Nc6 30. Qf2 Qe5 31. Qb6 Rd4 32. Rc3 Rb4 33. Qf2 Qxa5 34.
Rf1 Rd7 35. Rc2 Qb6 36. Qf6 Qd4 37. Na2 Qxf6 38. Rxf6 Rbd4 39. Nc1 Ne5 40. Rc8+
Kg7 41. Rf1 Nxd3 42. Ne2 Rxe4 43. Nc3 Rb4 0-1

[Event "32nd Pula Open 2018"]
[Site "Pula CRO"]
[Date "2018.06.23"]
[Round "1.10"]
[White "Schnider, Gert"]
[Black "Ikica, Ante"]
[Result "1-0"]
[WhiteTitle "IM"]
[WhiteElo "2422"]
[BlackElo "1882"]
[WhiteFideId "1606310"]
[BlackFideId "14503581"]
[EventDate "2018.06.23"]

1. e4 e5 2. Nf3 Nc6 3. Bb5 Nf6 4. O-O d6 5. d4 Nd7 6. Nc3 a6 7. Ba4 Be7 8. Nd5
O-O 9. c3 Nb6 10. Bxc6 bxc6 11. Nxb6 cxb6 12. dxe5 Bg4 13. Bf4 d5 14. exd5 cxd5
15. Qd3 Qd7 16. Nd4 Bc5 17. Rfe1 Rfe8 18. Re3 Bh5 19. Qd2 b5 20. Rae1 Rac8 21.
Rh3 Bg6 22. Nb3 Bb6 23. Be3 Bc7 24. Bd4 Re7 25. Rhe3 Rce8 26. f4 Qc6 27. Qf2 Qe6
28. Bc5 Bb6 29. f5 Bxf5 30. Bxb6 Qxb6 31. Qxf5 Rxe5 32. Nd4 g6 33. Qf4 Rxe3 34.
Rxe3 Rxe3 35. Qxe3 b4 36. Qe8+ Kg7 37. Qe5+ Kg8 38. Qxd5 bxc3 39. bxc3 Qb1+ 40.
Kf2 1-0

[Event "32nd Pula Open 2018"]
[Site "Pula CRO"]
[Date "2018.06.24"]
[Round "2.1"]
[White "Saric, Ante"]
[Black "Stankovic, Andrej"]
[Result "1-0"]
[WhiteTitle "GM"]
[WhiteElo "2543"]
[BlackElo "2130"]
[WhiteFideId "14506254"]
[BlackFideId "14513501"]
[EventDate "2018.06.23"]

1. c4 g6 2. d4 Bg7 3. e4 c5 4. d5 d6 5. Nc3 f5 6. exf5 Bxf5 7. Bd3 Qa5 8. Ne2
Bg4 9. O-O Nh6 10. h3 Bd7 11. Re1 O-O 12. Nf4 Re8 13. Nxg6 hxg6 14. Bxg6 Rf8 15.
Bxh6 Bxh6 16. Qh5 Kg7 17. Rxe7+ Kf6 18. Rae1 1-0

[Event "32nd Pula Open 2018"]
[Site "Pula CRO"]
[Date "2018.06.24"]
[Round "2.2"]
[White "Vasic, Bosko"]
[Black "Zelcic, Robert"]
[Result "0-1"]
[BlackTitle "GM"]
[WhiteElo "2130"]
[BlackElo "2499"]
[WhiteFideId "14503972"]
[BlackFideId "14500310"]
[EventDate "2018.06.23"]

1. e4 d6 2. d4 Nf6 3. Nc3 Nbd7 4. Nf3 e5 5. Bc4 Be7 6. O-O O-O 7. Re1 exd4 8.
Nxd4 Nb6 9. Bf1 d5 10. e5 Ne8 11. Nce2 c5 12. Nf3 g6 13. h3 Ng7 14. Bf4 Bd7 15.
b3 Bc6 16. Qd2 d4 17. c4 Bxf3 18. gxf3 f6 19. Ng3 fxe5 20. Bxe5 Ne6 21. f4 Nd7
22. Qe2 Bf6 23. Qg4 Ng7 24. Bd6 Rf7 25. Bg2 d3 26. Rad1 Bc3 27. Ne4 Bxe1 28.
Rxe1 Nf5 29. Bxc5 Nxc5 30. Nxc5 Qd4 31. Ne6 Qf6 32. Bd5 Kh8 33. Rd1 Re7 34. Nc5
Nd4 35. Nxd3 Ne2+ 36. Kg2 Nc3 37. Rd2 Nxd5 38. cxd5 Qd4 39. Kg3 Rae8 40. Qd1
Qxd5 41. Ne5 Qe6 42. h4 Qf5 43. Rd8 Qf6 44. Qd4 Rxd8 45. Qxd8+ Kg7 46. Nd7 Re3+ 0-1

[Event "32nd Pula Open 2018"]
[Site "Pula CRO"]
[Date "2018.06.24"]
[Round "2.3"]
[White "Fernandez, Daniel Howard"]
[Black "Novkovic, Julia"]
[Result "1-0"]
[WhiteTitle "GM"]
[BlackTitle "WFM"]
[WhiteElo "2485"]
[BlackElo "2127"]
[WhiteFideId "5801605"]
[BlackFideId "12000086"]
[EventDate "2018.06.23"]

1. e4 e5 2. Nc3 Nf6 3. f4 d5 4. fxe5 Nxe4 5. Qf3 Nxc3 6. bxc3 c5 7. Qg3 Nc6 8.
Nf3 Bf5 9. Bd3 Bxd3 10. cxd3 g6 11. Rb1 Qd7 12. O-O Be7 13. Ng5 Bxg5 14. Qxg5
O-O 15. Rf4 Rae8 16. d4 f6 17. exf6 Re1+ 18. Kf2 Qe6 19. Rxb7 Rh1 20. Rg7+ Kh8
21. Rxh7+ 1-0

[Event "32nd Pula Open 2018"]
[Site "Pula CRO"]
[Date "2018.06.24"]
[Round "2.4"]
[White "Sunjic, Vitomir"]
[Black "Plenca, Jadranko"]
[Result "0-1"]
[BlackTitle "IM"]
[WhiteElo "2118"]
[BlackElo "2482"]
[WhiteFideId "14508281"]
[BlackFideId "14527146"]
[EventDate "2018.06.23"]

1. d4 Nf6 2. Nf3 d5 3. Bf4 c5 4. e3 Nc6 5. c3 g6 6. h3 Bg7 7. Nbd2 Qb6 8. Qb3 c4
9. Qxb6 axb6 10. e4 Nxe4 11. Nxe4 dxe4 12. Nd2 b5 13. Nxe4 O-O 14. Be2 e5 15.
dxe5 Nxe5 16. O-O Bf5 17. Ng3 Nd3 18. Nxf5 Nxf4 19. Ne7+ Kh8 20. Bf3 Rad8 21.
Rad1 Nd3 22. Rd2 Bh6 23. Rc2 Rfe8 24. Nd5 Ne1 25. Rxe1 Rxe1+ 26. Kh2 Re5 27. Nb4
Re7 28. g3 Red7 29. Kg2 Rd2 30. Rxd2 Rxd2 31. Bxb7 Rxb2 32. Bc6 Bd2 33. Nd5 b4 0-1

[Event "32nd Pula Open 2018"]
[Site "Pula CRO"]
[Date "2018.06.25"]
[Round "3.1"]
[White "Reichmann, Egon"]
[Black "Saric, Ante"]
[Result "0-1"]
[WhiteTitle "FM"]
[BlackTitle "GM"]
[WhiteElo "2265"]
[BlackElo "2543"]
[WhiteFideId "1600486"]
[BlackFideId "14506254"]
[EventDate "2018.06.23"]

1. d4 e6 2. Nf3 c5 3. Nc3 cxd4 4. Qxd4 Nc6 5. Qa4 Nf6 6. e4 Bb4 7. Bd2 O-O 8.
Bd3 d6 9. a3 Bc5 10. b4 Bb6 11. O-O Bd7 12. Qb3 Rc8 13. Rad1 Qe7 14. Bg5 h6 15.
Bh4 g5 16. Bg3 Nh5 17. e5 d5 18. Nb5 Nxg3 19. hxg3 g4 20. Nh2 Nxe5 21. Be2 Nc4
22. Nd4 e5 23. Nxg4 exd4 24. Rfe1 Qg5 25. Nh2 Rfe8 26. Nf3 Qf6 27. a4 a6 28. a5
Ba7 29. Bd3 Bg4 30. Kh2 Rxe1 31. Rxe1 Bxf3 32. gxf3 Nd2 33. Bh7+ Kg7 0-1

[Event "32nd Pula Open 2018"]
[Site "Pula CRO"]
[Date "2018.06.25"]
[Round "3.2"]
[White "Zelcic, Robert"]
[Black "Maksimovic, Bojan"]
[Result "1-0"]
[WhiteTitle "GM"]
[BlackTitle "FM"]
[WhiteElo "2499"]
[BlackElo "2250"]
[WhiteFideId "14500310"]
[BlackFideId "14408120"]
[EventDate "2018.06.23"]

1. e4 c5 2. Nf3 e6 3. Nc3 a6 4. d4 cxd4 5. Nxd4 Qc7 6. Bd3 Nc6 7. Be3 Nf6 8. O-O
Be7 9. Kh1 O-O 10. f4 d6 11. Qf3 Bd7 12. Qg3 b5 13. Rae1 Nxd4 14. Bxd4 b4 15. e5
dxe5 16. fxe5 Nh5 17. Qh3 bxc3 18. Qxh5 g6 19. Qh6 Qd8 20. Bxc3 Bg5 21. Qh3 Bb5
22. Rd1 Qc7 23. Qg3 Be7 24. Rf4 Rad8 25. h3 Rd5 26. a4 Bxd3 27. Rxd3 Rfd8 28.
Rff3 Bf8 29. Rxd5 Rxd5 30. Rd3 Qc4 31. b3 Rxd3 32. Qxd3 Qf4 33. Qd2 Qf1+ 34. Kh2
h5 35. Bd4 Ba3 36. Bf2 Bb2 37. Bg3 Qa1 38. Qe1 Qxe1 39. Bxe1 Bxe5+ 40. Kg1 Kf8
41. b4 Ke7 42. c4 Bd4+ 43. Kf1 Kd6 44. b5 axb5 45. cxb5 Kc5 46. h4 f5 47. Bf2
Bxf2 48. Kxf2 e5 49. Ke2 e4 50. Ke3 Kb6 51. Kd4 Ka5 52. g3 Kb6 53. Kc3 Kc5 54.
Kd2 Kb6 55. Kc2 Kc7 56. a5 Kb7 57. Kc3 Kc7 58. Kd4 Kd7 59. a6 1-0

[Event "32nd Pula Open 2018"]
[Site "Pula CRO"]
[Date "2018.06.25"]
[Round "3.3"]
[White "Pichler, Michael"]
[Black "Fernandez, Daniel Howard"]
[Result "1-0"]
[BlackTitle "GM"]
[WhiteElo "2239"]
[BlackElo "2485"]
[WhiteFideId "1611208"]
[BlackFideId "5801605"]
[EventDate "2018.06.23"]

1. e4 c5 2. c3 Nf6 3. e5 Nd5 4. Nf3 d6 5. Bc4 Nb6 6. Bb3 d5 7. d4 cxd4 8. Nxd4
Nc6 9. Qe2 Nxd4 10. cxd4 e6 11. O-O Bd7 12. Bc2 h5 13. Bd3 Rc8 14. b3 Na8 15.
Bb2 Qb6 16. Nd2 Be7 17. f4 g6 18. Nf3 a6 19. Rfc1 O-O 20. Rxc8 Rxc8 21. Rc1
Rxc1+ 22. Bxc1 Nc7 23. Qc2 Ne8 24. Be3 Ng7 25. g3 Nf5 26. Bf2 Ba3 27. h3 Ne7 28.
g4 hxg4 29. hxg4 Qc6 30. Be3 Qxc2 31. Bxc2 Nc6 32. Kf2 Bb2 33. Bb1 b5 34. Ke2 a5
35. Bd2 Bxd4 36. Bxa5 Bb2 37. Bb6 b4 38. Bc5 Bc1 39. Be3 Bb2 40. Bc5 d4 41. Kd1
Nb8 42. Nxd4 Na6 43. Bb6 Nc7 44. Bxc7 Bxd4 45. Ke2 Bc6 46. Bd6 Bc3 47. Bd3 Kg7
48. g5 Bd5 49. Ke3 Bg2 50. Bc5 Bc6 51. a4 bxa3 52. Bxa3 Be1 53. b4 Bg3 54. b5
Bd5 55. Be4 Bf2+ 56. Kd3 Ba2 57. Bc6 Bb1+ 58. Ke2 Bb6 59. Bc1 Ba2 60. Be3 Bc4+
61. Kf2 1-0

[Event "32nd Pula Open 2018"]
[Site "Pula CRO"]
[Date "2018.06.25"]
[Round "3.4"]
[White "Plenca, Jadranko"]
[Black "Krebs, Johann"]
[Result "1-0"]
[WhiteTitle "IM"]
[BlackTitle "FM"]
[WhiteElo "2482"]
[BlackElo "2222"]
[WhiteFideId "14527146"]
[BlackFideId "1603590"]
[EventDate "2018.06.23"]

1. e4 c5 2. Nf3 Nc6 3. Bb5 g6 4. Bxc6 bxc6 5. O-O Bg7 6. Re1 Nf6 7. e5 Nd5 8. c4
Nc7 9. d4 cxd4 10. Qxd4 Ne6 11. Qh4 d6 12. exd6 Qxd6 13. Nc3 h5 14. Bd2 O-O 15.
Ne4 Qc7 16. Bc3 Bxc3 17. Nxc3 Re8 18. Ne5 Rd8 19. Qe4 Rd4 20. Qf3 Rf4 21. Qxc6
Qxc6 22. Nxc6 Rxc4 23. Nxe7+ Kf8 24. Nxc8 Raxc8 25. Rad1 Nc5 26. Rd2 Na4 27.
Nxa4 Rxa4 28. b3 Rb4 29. Rd7 a5 30. g3 Rb5 31. Re2 Kg7 32. h4 Rc3 33. Rd4 Rf5
34. Red2 Rcc5 35. Kf1 Kf6 36. Ke2 Rfe5+ 37. Kd1 Rf5 38. Re2 Rc3 39. Red2 Rcc5
40. Ke2 Rfe5+ 41. Kf3 Rc3+ 42. Kg2 Rcc5 43. Rf4+ Ke6 44. Rd8 Ke7 45. Ra8 Rc7 46.
b4 axb4 47. Rxb4 Rf5 48. Rb2 Rc1 49. Ra3 Rc7 50. Ra6 Rc1 51. a4 Ra1 52. Rb5 Rxb5
53. axb5 Rb1 54. Rb6 Rb3 55. Rb7+ Ke6 56. b6 f6 57. Rb8 Kf5 58. b7 Rb1 59. f3
Rb2+ 60. Kf1 Rb1+ 61. Ke2 Rb2+ 62. Kd3 Rb1 63. Kc4 Rc1+ 64. Kd5 Rd1+ 65. Kc6
Rc1+ 66. Kd6 Rd1+ 67. Ke7 Rb1 68. Kf7 Rb6 69. Kg7 Rb1 70. Kh6 Rb6 71. Ra8 Rxb7
72. Ra5+ Ke6 73. Kxg6 Rb8 74. Kxh5 Rg8 75. g4 Rb8 76. Kg6 Rg8+ 77. Kh7 Rb8 78.
Kg7 Rb7+ 79. Kg6 Rb6 80. h5 Ke7 81. Kg7 Ke6 82. h6 Rb3 83. h7 Rb7+ 84. Kg6 Rb8
85. Ra7 1-0

[Event "32nd Pula Open 2018"]
[Site "Pula CRO"]
[Date "2018.06.25"]
[Round "3.5"]
[White "Karsay, Pascal"]
[Black "Gumularz, Szymon"]
[Result "1/2-1/2"]
[BlackTitle "IM"]
[WhiteElo "2227"]
[BlackElo "2452"]
[WhiteFideId "12953474"]
[BlackFideId "1188062"]
[EventDate "2018.06.23"]

1. Nf3 Nf6 2. g3 g6 3. b3 Bg7 4. Bb2 d6 5. d4 c5 6. Bg2 Nc6 7. O-O cxd4 8. Nxd4
Bd7 9. c4 Qc8 10. Nc3 Bh3 11. Nd5 Bxg2 12. Kxg2 Nxd5 13. cxd5 Nb4 14. e4 O-O 15.
Qd2 Na6 16. Rac1 Qd7 17. Ne2 Bxb2 18. Qxb2 Nc5 19. Qd4 a5 20. Qe3 Rfc8 21. Nd4
Na6 22. h4 Rxc1 23. Rxc1 Rc8 24. Rxc8+ Qxc8 25. Qg5 Kf8 26. Nf3 Ke8 27. Qh6 Qc2
28. Qxh7 Qxe4 29. Qg8+ Kd7 30. Qxf7 Nb4 31. a3 Nxd5 32. Kh2 Nf6 33. Ng5 Qf5 34.
Kg1 1/2-1/2

[Event "32nd Pula Open 2018"]
[Site "Pula CRO"]
[Date "2018.06.25"]
[Round "3.6"]
[White "Tratar, Marko"]
[Black "Mihalinec, Damir"]
[Result "1/2-1/2"]
[WhiteTitle "GM"]
[WhiteElo "2449"]
[BlackElo "2203"]
[WhiteFideId "14600684"]
[BlackFideId "14504260"]
[EventDate "2018.06.23"]

1. Nf3 Nf6 2. c4 g6 3. Nc3 Bg7 4. e4 d6 5. d4 O-O 6. Be2 e5 7. O-O Nc6 8. d5 Ne7
9. Ne1 Nd7 10. f3 f5 11. g4 a6 12. Ng2 Nf6 13. Be3 Rf7 14. a4 Bf8 15. a5 Bd7 16.
b4 Qc8 17. h3 f4 18. Bf2 g5 19. Ne1 h5 20. Kg2 Ng6 21. Rh1 Rg7 22. Nd3 Be7 23.
c5 Nh4+ 24. Bxh4 gxh4 25. Rc1 Kf7 26. cxd6 Bxd6 27. Kf1 Qf8 28. Na4 Qe7 29. Nac5
b6 30. Qe1 Bb5 31. Ne6 Rg6 32. Qxh4 Rag8 33. g5 Nh7 34. Qxh5 Nxg5 35. Rg1 Nxe6
36. Qf5+ Qf6 37. dxe6+ Ke7 38. Rxg6 Qxg6 39. Qxg6 Rxg6 40. Nf2 Bxe2+ 41. Kxe2
bxa5 42. bxa5 Rg2 43. Rc6 Kxe6 44. Rxa6 Kd7 45. Kf1 Rg3 46. Ke2 Rg2 47. Kf1 Rg3
48. Ke2 1/2-1/2

[Event "32nd Pula Open 2018"]
[Site "Pula CRO"]
[Date "2018.06.25"]
[Round "3.7"]
[White "Babic, Zvonko"]
[Black "Haria, Ravi"]
[Result "0-1"]
[BlackTitle "IM"]
[WhiteElo "2208"]
[BlackElo "2440"]
[WhiteFideId "14509105"]
[BlackFideId "415820"]
[EventDate "2018.06.23"]

1. d4 e6 2. Nf3 Nf6 3. g3 d5 4. Bg2 b5 5. a4 b4 6. O-O Nbd7 7. c4 bxc3 8. bxc3
Be7 9. c4 c6 10. Bg5 O-O 11. Nbd2 Ba6 12. Re1 Rc8 13. a5 c5 14. cxd5 exd5 15.
Bh3 h6 16. Bxf6 Bxf6 17. e4 g6 18. e5 Bg7 19. e6 fxe6 20. Bxe6+ Kh7 21. Bxd5
cxd4 22. h4 Nc5 23. Be6 Nxe6 24. Rxe6 Bd3 25. h5 g5 26. Qa4 Bf5 27. Ra6 Rc7 28.
Re1 Qd5 29. Qb4 Bg4 30. Ne5 Rb7 31. Qa3 Bh3 32. Qd3+ Bf5 33. Qa3 Re8 34. Rd6 Qb5
35. Qf3 Rxe5 36. Rxe5 Qxe5 37. Rd5 Qe8 38. Kh1 Bd7 0-1

[Event "32nd Pula Open 2018"]
[Site "Pula CRO"]
[Date "2018.06.25"]
[Round "3.8"]
[White "Voscilla, Adriano"]
[Black "Loncar, Robert"]
[Result "1/2-1/2"]
[WhiteTitle "FM"]
[BlackTitle "IM"]
[WhiteElo "2202"]
[BlackElo "2423"]
[WhiteFideId "14500736"]
[BlackFideId "14501325"]
[EventDate "2018.06.23"]

1. e4 c5 2. Nc3 e6 3. g3 Nc6 4. Nge2 Nf6 5. Bg2 Be7 6. O-O d6 7. d3 O-O 8. f4 d5
9. e5 Ne8 10. Kh1 f6 11. d4 cxd4 12. Nxd4 fxe5 13. Nxc6 bxc6 14. fxe5 Rxf1+ 15.
Bxf1 Qc7 16. Bf4 Rb8 17. b3 g6 18. Qe2 Ng7 19. g4 Bd7 20. Bg2 Qa5 21. Qd3 Qb4
22. Ne4 Rf8 23. Bd2 Qb8 24. Nf6+ Bxf6 25. exf6 Rxf6 26. Bc3 e5 27. Qg3 Rf4 28.
Re1 e4 29. Bb2 Qf8 30. h3 g5 31. c4 Ne6 32. cxd5 cxd5 33. Qc3 d4 34. Qc4 e3 35.
Bd5 Qc8 36. Rd1 Qxc4 37. Bxc4 Kf8 38. Kg1 Ke8 39. Rf1 Re4 40. Bd5 Rf4 41. Bxe6
Bxe6 42. Rxf4 gxf4 43. Bxd4 a5 44. Kf1 h5 45. gxh5 Bxh3+ 46. Ke1 Kf7 47. a3 Bg4
48. b4 axb4 49. axb4 Bxh5 50. b5 Ke6 51. b6 Bf3 52. b7 Bxb7 53. Bxe3 fxe3 1/2-1/2

[Event "32nd Pula Open 2018"]
[Site "Pula CRO"]
[Date "2018.06.25"]
[Round "3.9"]
[White "Schnider, Gert"]
[Black "Petrovic, Zvonko"]
[Result "1-0"]
[WhiteTitle "IM"]
[BlackTitle "FM"]
[WhiteElo "2422"]
[BlackElo "2186"]
[WhiteFideId "1606310"]
[BlackFideId "14500914"]
[EventDate "2018.06.23"]

1. e4 c5 2. Nf3 Nc6 3. Bb5 Qb6 4. Nc3 e6 5. Bxc6 Qxc6 6. d4 cxd4 7. Nxd4 Qc7 8.
O-O a6 9. Re1 Bb4 10. Nf5 Kf8 11. Qd4 Bxc3 12. bxc3 f6 13. Ba3+ Kf7 14. Nd6+ Kg6
15. Re3 h5 16. Rg3+ Kh6 17. Bc1+ 1-0

[Event "32nd Pula Open 2018"]
[Site "Pula CRO"]
[Date "2018.06.25"]
[Round "4.1"]
[White "Saric, Ante"]
[Black "McPhillips, Joseph"]
[Result "0-1"]
[WhiteTitle "GM"]
[BlackTitle "FM"]
[WhiteElo "2543"]
[BlackElo "2399"]
[WhiteFideId "14506254"]
[BlackFideId "422487"]
[EventDate "2018.06.23"]

1. c4 e6 2. g3 Nf6 3. Bg2 d5 4. Nf3 Be7 5. O-O O-O 6. b3 c5 7. Bb2 Nc6 8. cxd5
exd5 9. d4 Ne4 10. Nc3 Bf6 11. Na4 Re8 12. Rc1 b6 13. e3 Ba6 14. Re1 Nb4 15. Bf1
Bxf1 16. Rxf1 Nxa2 17. Ra1 Nb4 18. Qe2 Nc6 19. dxc5 Bxb2 20. Qxb2 b5 21. Nc3 Qf6
22. Nd4 Nxd4 23. exd4 Qxd4 24. Rfc1 Nd2 25. Rc2 Nf3+ 26. Kh1 b4 27. Nb5 Qg4 28.
Kg2 Nh4+ 29. Kg1 Nf3+ 30. Kg2 Qe4 31. Re2 Ne1+ 0-1